| 000 | nam a22 a 4500 | ||
|---|---|---|---|
| 999 |
_c363 _d363 |
||
| 003 | AKMAL | ||
| 005 | 20170503151035.0 | ||
| 008 | 170503t20112011my o e h f000 0deng d | ||
| 020 |
_a9789834302313 _qhardback |
||
| 040 | _aAKMAL | ||
| 082 | 0 | 4 |
_a305.409595 VAS _223 |
| 090 | 0 | 0 |
_a305.409595 _bVAS |
| 245 | 1 | 0 |
_aSHAHRIZAT : _bTHE VOICE OF THE MALAYSIAN WOMAN / _cVASANTHI RAMACHANDRAN |
| 264 | 1 |
_aKuala Lumpur : _bMINISTRY OF WOMEN, FAMILY AND COMMUNITY DEVELOPMENT, _c2011 |
|
| 264 | 4 | _c©2011 | |
| 300 |
_axiii, 273 pages : _bphotographs ; _c24 cm |
||
| 504 | _aBibliography: pages 267-270 | ||
| 942 |
_2ddc _cBOOK |
||
| 950 | _lAKMAL | ||